000 00334nam a2200145Ia 4500
008 230917s9999||||xx |||||||||||||| ||und||
040 _e121106
_aMAIN
041 _aEnglish
082 _a294.1 D535S
100 _aDhamadhikari, T. N.
245 0 _aSamvijnaham
260 _aPune
_bMudran
_c2006
300 _a429p. p.
942 _cBK
999 _c132386
_d132386